[Event "31st olm final"]
[Site "Moscow"]
[Date "1994.12.01"]
[Round "1.1"]
[White "Hansen, Lars Bo"]
[Black "Yang Xian"]
[Result "1-0"]
[WhiteElo "2580"]
[BlackElo "2420"]
[EventDate "1994.12.01"]
[WhiteTeam "Denmark"]
[BlackTeam "Hong Kong"]
[PlyCount "131"]

1.e4 c5 2.Nf3 d6 3.d4 cxd4 4.Nxd4 Nf6 5.Nc3 a6 6.Be2 e5 7.Nb3 Be7 8.O-O
O-O 9.Kh1 b5 10.Nd5 Nxd5 11.Qxd5 Ra7 12.Be3 Be6 13.Qd1 Rd7 14.Bg4 d5 15.
Bxe6 fxe6 16.Qg4 Rf6 17.Qe2 d4 18.Bd2 Nc6 19.Nc1 Qb6 20.Nd3 Bd6 21.f3 h6
22.Rfc1 Rf8 23.b4 a5 24.bxa5 Nxa5 25.Rcb1 Ra8 26.f4 exf4 27.e5 Bf8 28.Nxf4
Rb7 29.Bxa5 Rxa5 30.Qg4 Ra6 31.Rf1 Rf7 32.Qg6 Bc5 33.Qxf7+ Kxf7 34.Nd5+
Kg6 35.Nxb6 Rxb6 36.a4 bxa4 37.Rxa4 Rb2 38.Rc4 Rb5 39.g3 Ba7 40.Re1 Bb6
41.Rc6 Kf7 42.Kg2 Ke7 43.Rc4 Ba5 44.Re2 Rd5 45.Kf3 d3 46.cxd3 Rxd3+ 47.Re3
Rd5 48.Kg4 Bb6 49.Rb3 Rd4+ 50.Rxd4 Bxd4 51.Rb7+ Kf8 52.Kf4 Bc3 53.Ke4 Ba1
54.Rb3 Kf7 55.g4 Kf8 56.h4 Kf7 57.Rf3+ Kg8 58.g5 hxg5 59.hxg5 Kh7 60.Rf7
Kg6 61.Re7 Bb2 62.Rxe6+ Kxg5 63.Ra6 Kh5 64.Kf5 g6+ 65.Rxg6 Bxe5 66.Rg1 1-0

[Event "31st olm final"]
[Site "Moscow"]
[Date "1994.12.02"]
[Round "2.1"]
[White "Hassan, Sayed Barakat"]
[Black "Hansen, Lars Bo"]
[Result "1/2-1/2"]
[WhiteElo "2415"]
[BlackElo "2580"]
[EventDate "1994.12.01"]
[WhiteTeam "Egypt"]
[BlackTeam "Denmark"]
[PlyCount "132"]

1.e4 e5 2.Nf3 Nc6 3.Nc3 Nf6 4.Bb5 Bb4 5.O-O O-O 6.Nd5 Nxd5 7.exd5 Nd4 8.
Nxd4 exd4 9.Qg4 Qf6 10.d3 a6 11.Bc4 b5 12.Bb3 d6 13.Qg5 Qxg5 14.Bxg5 Re8
15.a3 Ba5 16.Ba2 Bd7 17.b4 Bb6 18.Rfe1 a5 19.Bd2 a4 20.Kf1 Kf8 21.Rac1 Bf5
22.Bb1 Rxe1+ 23.Rxe1 f6 24.Rc1 Re8 25.Re1 Rc8 26.Rc1 Bg6 27.Ba2 h5 28.h4
Bf7 29.c4 dxc3 30.Be3 c5 31.Rxc3 Rc7 32.bxc5 Bxc5 33.d4 Bb6 34.Rxc7 Bxc7
35.Bd2 Bg6 36.Ke2 Bb6 37.Bc3 Bf5 38.f3 g5 39.g3 Ke7 40.Ke3 Kd7 41.Bb4 Bd8
42.Be1 gxh4 43.gxh4 Bc2 44.Kd2 Bg6 45.Kc1 Be7 46.Bb1 Bxb1 47.Kxb1 Bf8 48.
Bd2 Bg7 49.Kc2 f5 50.Kc3 Bf6 51.Be1 Kc7 52.Kd3 Bg7 53.Ba5+ Kb7 54.Bb4 Bf8
55.Bd2 Kb6 56.Bb4 Be7 57.Be1 b4 58.Bxb4 Bxh4 59.Bxd6 Bg5 60.f4 Bh4 61.Ke3
Kb5 62.Bf8 Bd8 63.Kf3 Ba5 64.Kg3 Be1+ 65.Kh3 Bf2 66.Bc5 Be1 1/2-1/2

[Event "31st olm final"]
[Site "Moscow"]
[Date "1994.12.02"]
[Round "2.2"]
[White "Mortensen, Erling"]
[Black "Sarwat, Walaa"]
[Result "1-0"]
[WhiteElo "2500"]
[BlackElo "2305"]
[EventDate "1994.12.01"]
[WhiteTeam "Denmark"]
[BlackTeam "Egypt"]
[PlyCount "59"]

1.e4 e5 2.Nf3 Nc6 3.Bb5 a6 4.Ba4 Nf6 5.O-O Be7 6.Qe2 b5 7.Bb3 O-O 8.c3 d6
9.Rd1 Bg4 10.h3 Bh5 11.d3 Na5 12.Bc2 c5 13.Nbd2 Nc6 14.Nf1 Qc7 15.Ne3 Rfe8
16.g4 Bg6 17.Nh4 Qb7 18.Nhf5 Rad8 19.Qf3 Bf8 20.Kh2 Ne7 21.Bb3 Kh8 22.g5
Nxf5 23.Nxf5 Bh5 24.Qg2 Bxd1 25.gxf6 g6 26.Bxd1 gxf5 27.Bg5 c4 28.Bf3 d5
29.Rg1 h6 30.Be3 1-0

[Event "31st olm final"]
[Site "Moscow"]
[Date "1994.12.02"]
[Round "2.3"]
[White "El Assiouti, Sheriff"]
[Black "Nielsen, Peter Heine"]
[Result "1/2-1/2"]
[WhiteElo "2285"]
[BlackElo "2485"]
[EventDate "1994.12.01"]
[WhiteTeam "Egypt"]
[BlackTeam "Denmark"]
[PlyCount "67"]

1.d4 Nf6 2.Nf3 e6 3.c4 b6 4.g3 Bb4+ 5.Bd2 Be7 6.Bg2 c6 7.O-O d5 8.cxd5
cxd5 9.Nc3 O-O 10.Bf4 Bb7 11.Rc1 Nc6 12.Ne5 Nxe5 13.Bxe5 Qd7 14.Re1 Rac8
15.Qb3 Rfd8 16.Bxf6 Bxf6 17.e3 Ba6 18.Bf1 Bxf1 19.Rxf1 h5 20.Qd1 g6 21.Qd3
Kg7 22.Ne2 h4 23.Rxc8 Rxc8 24.Rc1 hxg3 25.hxg3 Rh8 26.Qc3 Qa4 27.a3 Bg5
28.Kg2 Qb5 29.Rc2 Rd8 30.Nf4 Bxf4 31.exf4 Qa4 32.Rc1 Qd7 33.Qc7 f6 34.g4
1/2-1/2

[Event "31st olm final"]
[Site "Moscow"]
[Date "1994.12.02"]
[Round "2.4"]
[White "Hansen, Sune Berg"]
[Black "Labib, Ibrahim Hasan"]
[Result "1-0"]
[WhiteElo "2440"]
[BlackElo "2085"]
[EventDate "1994.12.01"]
[WhiteTeam "Denmark"]
[BlackTeam "Egypt"]
[PlyCount "63"]

1.e4 c6 2.d4 d5 3.e5 Bf5 4.Nc3 Qb6 5.Bd3 Bxd3 6.Qxd3 e6 7.Nge2 Qa6 8.Qh3
Ne7 9.O-O Nd7 10.a4 Qa5 11.Be3 Qd8 12.Bg5 Qc8 13.Ng3 h6 14.Be3 Qd8 15.a5
g6 16.Rfd1 Nf5 17.Nxf5 gxf5 18.Ne2 h5 19.b3 h4 20.c4 Bh6 21.Bxh6 Rxh6 22.
Qe3 Rh7 23.a6 b6 24.cxd5 cxd5 25.Nc3 Rg7 26.Nb5 Ke7 27.Rdc1 Qg8 28.Qf3 Qh7
29.Rc7 Rag8 30.Nxa7 Rxg2+ 31.Kh1 Kd8 32.Rc8+ 1-0

[Event "31st olm final"]
[Site "Moscow"]
[Date "1994.12.03"]
[Round "3.2"]
[White "Zviagintsev, Vadim"]
[Black "Mortensen, Erling"]
[Result "1-0"]
[WhiteElo "2585"]
[BlackElo "2500"]
[EventDate "1994.12.01"]
[WhiteTeam "Russia 2"]
[BlackTeam "Denmark"]
[PlyCount "81"]

1.d4 Nf6 2.c4 g6 3.Nc3 Bg7 4.e4 d6 5.Be2 O-O 6.Nf3 e5 7.d5 a5 8.h3 Na6 9.
Bg5 c6 10.Nd2 Nc5 11.Rb1 Bd7 12.O-O h6 13.Be3 cxd5 14.cxd5 Ne8 15.Bb5 Bxb5
16.Nxb5 b6 17.a3 f5 18.b4 axb4 19.axb4 Nxe4 20.Nxe4 fxe4 21.Rc1 Rf7 22.Rc6
Bf8 23.Qg4 Qf6 24.Qxe4 Qf5 25.Qc4 Rb8 26.Rxb6 Rxb6 27.Bxb6 Nf6 28.Nc3 h5
29.b5 g5 30.f3 Qc2 31.Be3 g4 32.fxg4 hxg4 33.hxg4 e4 34.Rf2 Qd3 35.Qxd3
exd3 36.b6 Bg7 37.g5 Nd7 38.Rxf7 Kxf7 39.Ne4 Ke7 40.b7 Kd8 41.Bb6+ 1-0

[Event "31st olm final"]
[Site "Moscow"]
[Date "1994.12.03"]
[Round "3.3"]
[White "Nielsen, Peter Heine"]
[Black "Rublevsky, Sergei"]
[Result "1-0"]
[WhiteElo "2485"]
[BlackElo "2565"]
[EventDate "1994.12.01"]
[WhiteTeam "Denmark"]
[BlackTeam "Russia 2"]
[PlyCount "103"]

1.e4 c5 2.Nc3 e6 3.Nge2 a6 4.d4 cxd4 5.Nxd4 d6 6.Be2 Nf6 7.O-O Be7 8.f4
Qc7 9.Kh1 O-O 10.a4 b6 11.e5 dxe5 12.fxe5 Nfd7 13.Bf3 Bb7 14.Bxb7 Qxb7 15.
Bf4 Bc5 16.Rf3 Bxd4 17.Qxd4 Nc6 18.Qe3 Ne7 19.Rd1 Rac8 20.Qe2 Ng6 21.Bg3
Rc5 22.b4 Rc7 23.Ne4 a5 24.Nd6 Qc6 25.Nb5 Qxc2 26.Rd2 Qb1+ 27.Rf1 Rc1 28.
Rdd1 Rfc8 29.Qd2 Rxd1 30.Rxd1 Qc2 31.Qxd7 Nf8 32.Qd4 Rc4 33.Qg1 axb4 34.
Rb1 h5 35.Nd6 Rg4 36.Qf1 Qg6 37.Rb3 Nd7 38.Rf3 h4 39.Bf4 Qc2 40.h3 b3 41.
Nc4 Rg6 42.Rf2 Qe4 43.Qe2 Qc6 44.Nb2 f6 45.Qc4 Qxc4 46.Nxc4 Nc5 47.Nb2
fxe5 48.Be3 Rg3 49.Bxc5 bxc5 50.Rf3 e4 51.Rxg3 hxg3 52.Kg1 1-0

[Event "31st olm final"]
[Site "Moscow"]
[Date "1994.12.03"]
[Round "3.4"]
[White "Sakaev, Konstantin"]
[Black "Hansen, Sune Berg"]
[Result "1-0"]
[WhiteElo "2555"]
[BlackElo "2440"]
[EventDate "1994.12.01"]
[WhiteTeam "Russia 2"]
[BlackTeam "Denmark"]
[PlyCount "79"]

1.d4 Nf6 2.Nf3 g6 3.c4 Bg7 4.Nc3 d6 5.e4 O-O 6.Be2 e5 7.O-O exd4 8.Nxd4
Re8 9.f3 Nh5 10.Be3 f5 11.Qd2 f4 12.Bf2 Be5 13.Rfd1 c6 14.Nb3 Qf6 15.c5
dxc5 16.Nxc5 Kh8 17.a4 b6 18.Nd3 Bd4 19.Bxd4 Qxd4+ 20.Nf2 Qg7 21.Qd6 Be6
22.Nd3 g5 23.a5 b5 24.Nc5 Bc8 25.Rd2 g4 26.fxg4 Bxg4 27.Bxg4 Qxg4 28.Rf1
a6 29.Ne2 Ra7 30.Nxf4 Ng7 31.h3 Qg5 32.b4 Rf7 33.h4 Qg4 34.Rdf2 Kg8 35.h5
Nxh5 36.Nxh5 Rxf2 37.Rxf2 Qxh5 38.Rf5 Qh4 39.Rf4 Qe7 40.e5 1-0

[Event "31st olm final"]
[Site "Moscow"]
[Date "1994.12.04"]
[Round "4.1"]
[White "Yurtaev, Leonid"]
[Black "Mortensen, Erling"]
[Result "1-0"]
[WhiteElo "2530"]
[BlackElo "2500"]
[EventDate "1994.12.01"]
[WhiteTeam "Kyrgyzstan"]
[BlackTeam "Denmark"]
[PlyCount "91"]

1.e4 c5 2.Nf3 Nc6 3.d4 cxd4 4.Nxd4 Qc7 5.Nc3 e6 6.Be2 a6 7.O-O b5 8.Nxc6
dxc6 9.f4 Bb7 10.Bf3 e5 11.Qe1 Bd6 12.Qg3 f6 13.f5 Bc5+ 14.Kh1 Qf7 15.Rd1
Ne7 16.Be2 Bd4 17.a4 O-O 18.Rd3 c5 19.Qg4 c4 20.Rg3 Kh8 21.Rb1 Nc8 22.Bf3
Nd6 23.Ne2 Rg8 24.Nxd4 exd4 25.Bd2 Rae8 26.Re1 g6 27.Qf4 gxf5 28.Rxg8+
Kxg8 29.Qxd6 fxe4 30.Bg4 e3 31.Bb4 Qd5 32.Qxd5+ Bxd5 33.Bc5 Re5 34.Bb6 f5
35.Be2 f4 36.Bxd4 Rg5 37.Bf3 Bxf3 38.gxf3 bxa4 39.Rg1 Rxg1+ 40.Kxg1 Kf7
41.Kf1 Ke6 42.Ke2 h5 43.c3 Kf5 44.Bb6 h4 45.h3 Kg5 46.Bc7 1-0

[Event "31st olm final"]
[Site "Moscow"]
[Date "1994.12.04"]
[Round "4.3"]
[White "Imanaliev, Taalaibek"]
[Black "Schandorff, Lars"]
[Result "1/2-1/2"]
[WhiteElo "2385"]
[BlackElo "2435"]
[EventDate "1994.12.01"]
[WhiteTeam "Kyrgyzstan"]
[BlackTeam "Denmark"]
[PlyCount "38"]

1.e4 c5 2.Nf3 Nc6 3.c3 Nf6 4.e5 Nd5 5.d4 cxd4 6.Bc4 Nb6 7.Bb3 d6 8.exd6
Qxd6 9.Nxd4 Nxd4 10.cxd4 Be6 11.Nc3 Bxb3 12.Qxb3 e6 13.O-O Be7 14.Rd1 O-O
15.d5 Nxd5 16.Nxd5 exd5 17.Rxd5 Qe6 18.Be3 b6 19.Rad1 Bf6 1/2-1/2

[Event "31st olm final"]
[Site "Moscow"]
[Date "1994.12.04"]
[Round "4.4"]
[White "Danielsen, Henrik"]
[Black "Moldobaev, Emelbek"]
[Result "1-0"]
[WhiteElo "2440"]
[BlackElo "2385"]
[EventDate "1994.12.01"]
[WhiteTeam "Denmark"]
[BlackTeam "Kyrgyzstan"]
[PlyCount "75"]

1.d4 Nf6 2.Nf3 d6 3.c4 Nbd7 4.Nc3 c6 5.e4 e5 6.Be2 Be7 7.O-O O-O 8.Re1 Re8
9.Rb1 Qc7 10.b4 Nf8 11.Be3 Ng6 12.g3 Bf8 13.d5 Ng4 14.Bc1 h6 15.Nd2 Nf6
16.Nf1 cxd5 17.Nxd5 Nxd5 18.Qxd5 Be6 19.Qd3 Ne7 20.Bd2 Nc6 21.Be3 a5 22.b5
Nb8 23.f4 exf4 24.gxf4 Nd7 25.Ng3 Rac8 26.Rbc1 Nc5 27.Qc2 Qe7 28.f5 Bd7
29.Bf3 Rc7 30.Kh1 Bc8 31.Rg1 Qh4 32.Bd4 Re5 33.Bxe5 dxe5 34.Nh5 Kh8 35.Rg3
b6 36.Qg2 Nxe4 37.Bxe4 Qxh5 38.Rh3 1-0

[Event "31st olm final"]
[Site "Moscow"]
[Date "1994.12.08"]
[Round "7.1"]
[White "Hansen, Lars Bo"]
[Black "Urday Caceres, Henry"]
[Result "1-0"]
[WhiteElo "2580"]
[BlackElo "2470"]
[EventDate "1994.12.01"]
[WhiteTeam "Denmark"]
[BlackTeam "Peru"]
[PlyCount "127"]

1.Nf3 d6 2.c4 Bg4 3.Qb3 Qc8 4.d4 Nd7 5.g3 e5 6.Bg2 c6 7.O-O Be7 8.Qe3 f6
9.Nc3 Nh6 10.d5 Nb6 11.Qd3 Nf7 12.e4 g5 13.Be3 h5 14.b4 c5 15.bxc5 dxc5
16.Nd2 h4 17.f3 Bd7 18.a4 hxg3 19.hxg3 Bh3 20.g4 Nd7 21.Bxh3 Rxh3 22.Kg2
Rh4 23.Ne2 Nf8 24.Ng3 Ng6 25.Nf5 Rh7 26.Rh1 Rxh1 27.Rxh1 Bf8 28.Qb3 Qd7
29.Rh7 O-O-O 30.Nf1 Nf4+ 31.Kf2 Qe8 32.N1g3 Rd7 33.Nh5 Nxh5 34.Rxh5 Qd8
35.Qb5 a6 36.Qb3 Kb8 37.Ke2 Ka7 38.Rh7 Qc7 39.Rh5 Nd6 40.Rh8 Nxf5 41.gxf5
Bd6 42.Bd2 Rg7 43.a5 g4 44.fxg4 Rxg4 45.Kf3 Rg3+ 46.Kxg3 Qg7+ 47.Kf2 Qxh8
48.Qb6+ Ka8 49.Qxd6 Qh2+ 50.Ke3 Qg1+ 51.Ke2 Qg2+ 52.Kd3 Qf1+ 53.Kc2 Qxc4+
54.Bc3 Qxe4+ 55.Kb2 Qe2+ 56.Ka3 Qc4 57.Qd8+ Ka7 58.Qb6+ Ka8 59.Qd8+ Ka7
60.Qb6+ Ka8 61.Qb3 Qe4 62.d6 Qxf5 63.Qg8+ Ka7 64.Qd5 1-0

[Event "31st olm final"]
[Site "Moscow"]
[Date "1994.12.08"]
[Round "7.2"]
[White "Belli Pino, Mario"]
[Black "Nielsen, Peter Heine"]
[Result "0-1"]
[WhiteElo "2410"]
[BlackElo "2485"]
[EventDate "1994.12.01"]
[WhiteTeam "Peru"]
[BlackTeam "Denmark"]
[PlyCount "164"]

1.d4 Nf6 2.Nf3 e6 3.e3 b6 4.Bd3 Bb7 5.O-O c5 6.c3 Be7 7.Nbd2 O-O 8.Qe2 Nc6
9.Rd1 Qc7 10.a3 d5 11.dxc5 bxc5 12.e4 a5 13.a4 Rab8 14.Re1 Rfd8 15.e5 Nd7
16.Nf1 c4 17.Bc2 Ba6 18.Ng3 Nf8 19.Qe3 Ng6 20.Nh5 Qb6 21.Qxb6 Rxb6 22.g3
Bc5 23.Nf4 Nxf4 24.gxf4 g6 25.Rd1 Rdb8 26.Ra2 Kg7 27.Kg2 Bc8 28.Kg3 Bd7
29.h4 R6b7 30.h5 Ba7 31.Rh1 Ne7 32.Ng5 h6 33.hxg6 fxg6 34.Nf3 Nf5+ 35.Bxf5
gxf5 36.Rd1 Kh7 37.Nd4 Rg8+ 38.Kh2 Bxd4 39.cxd4 Rgb8 40.Rg1 Rb3 41.Rg3
Rxg3 42.Kxg3 Rb3+ 43.Be3 Be8 44.Kh4 Rd3 45.Ra1 Kg7 46.Rg1+ Kf8 47.Ra1 Ke7
48.Kg3 Rb3 49.Ra2 Bh5 50.Kg2 Rd3 51.Ra1 Bd1 52.Kg3 Kd7 53.Kh4 Kc6 54.Kg3
Kb6 55.Kg2 Bc2 56.Rh1 Bxa4 57.Rxh6 Bd7 58.Rh7 Kc6 59.Rh1 Rb3 60.Ra1 Kb5
61.Bd2 a4 62.Ra2 a3 63.bxa3 c3 64.Be3 Rb2 65.Ra1 Ka4 66.Rh1 Rb7 67.Rc1 Rc7
68.Kg3 c2 69.Kh4 Kxa3 70.Kg5 Kb2 71.Kf6 Bc8 72.Rg1 c1=Q 73.Rxc1 Rxc1 74.
Bxc1+ Kxc1 75.Ke7 Kd2 76.Kd8 Ba6 77.Kd7 Kd3 78.Kxe6 Kxd4 79.Kxf5 Kc3 80.
Kg6 d4 81.f5 d3 82.f6 Bc4 0-1

[Event "31st olm final"]
[Site "Moscow"]
[Date "1994.12.08"]
[Round "7.4"]
[White "Sierra Flores, Miguel"]
[Black "Danielsen, Henrik"]
[Result "1/2-1/2"]
[WhiteElo "2370"]
[BlackElo "2440"]
[EventDate "1994.12.01"]
[WhiteTeam "Peru"]
[BlackTeam "Denmark"]
[PlyCount "110"]

1.e4 c6 2.d4 d5 3.exd5 cxd5 4.c3 Nf6 5.Bd3 Nc6 6.h3 g6 7.Nf3 Bf5 8.Bxf5
gxf5 9.Ne5 Bg7 10.Bf4 Qb6 11.Nd3 e6 12.Nd2 Ne4 13.Nb3 Qd8 14.Qe2 h5 15.f3
Nd6 16.O-O-O Bh6 17.Kb1 Bxf4 18.Nxf4 Nc4 19.g4 hxg4 20.hxg4 Rf8 21.Rh5 Qd6
22.Rxf5 Ne7 23.Rf6 Ng8 24.Nh5 Nxf6 25.Nxf6+ Ke7 26.Nh5 b6 27.Nd2 Rac8 28.
f4 Nxd2+ 29.Qxd2 Kd7 30.Nf6+ Kc7 31.g5 Rh8 32.Ng4 Kb7 33.Ne5 Rh7 34.a3
Rch8 35.Qd3 a6 36.Rd2 Qc7 37.Qf3 Rh3 38.Qg2 Re3 39.Re2 Rxe2 40.Qxe2 Rh1+
41.Ka2 Ka7 42.Qf3 Rg1 43.Qf2 Rh1 44.Qg2 Rh8 45.Qf3 a5 46.Qg2 b5 47.Qf1 Kb6
48.f5 Rh2 49.Qf4 Rg2 50.Qf3 Rxg5 51.fxe6 fxe6 52.Qf6 Rxe5 53.dxe5 Qd7 54.
Qf8 Qc7 55.Qf6 Qd7 1/2-1/2

[Event "31st olm final"]
[Site "Moscow"]
[Date "1994.12.09"]
[Round "8.2"]
[White "Mortensen, Erling"]
[Black "Kengis, Edvins"]
[Result "1/2-1/2"]
[WhiteElo "2500"]
[BlackElo "2580"]
[EventDate "1994.12.01"]
[WhiteTeam "Denmark"]
[BlackTeam "Latvia"]
[PlyCount "51"]

1.e4 Nf6 2.e5 Nd5 3.d4 d6 4.c4 Nb6 5.exd6 exd6 6.Nc3 Be7 7.Nf3 O-O 8.Be2
Bf5 9.O-O Bf6 10.b3 Nc6 11.Be3 d5 12.c5 Nc8 13.Qd2 N8e7 14.h3 Be6 15.g4 g6
16.Ne1 Bg7 17.Ng2 b6 18.cxb6 cxb6 19.Nf4 Qd6 20.Rac1 Rac8 21.Rfd1 Nb8 22.
Nb5 Qd7 23.Rxc8 Rxc8 24.Rc1 Rxc1+ 25.Qxc1 Nbc6 26.Qd2 1/2-1/2

[Event "31st olm final"]
[Site "Moscow"]
[Date "1994.12.10"]
[Round "9.1"]
[White "Hansen, Lars Bo"]
[Black "Djurhuus, Rune"]
[Result "0-1"]
[WhiteElo "2580"]
[BlackElo "2470"]
[EventDate "1994.12.01"]
[WhiteTeam "Denmark"]
[BlackTeam "Norway"]
[PlyCount "78"]

1.e4 c5 2.Nf3 d6 3.d4 cxd4 4.Nxd4 Nf6 5.Nc3 a6 6.Be2 e5 7.Nb3 Be7 8.O-O
O-O 9.Kh1 Be6 10.f4 Qc7 11.Nd5 Bxd5 12.exd5 Nbd7 13.c4 a5 14.Be3 a4 15.Nd2
Nc5 16.Rc1 Nfd7 17.f5 Bf6 18.Qc2 e4 19.b4 axb3 20.axb3 Ra3 21.Rb1 Re8 22.
Rfe1 Qc8 23.Bf1 Qa8 24.Qd1 Ra2 25.Re2 h6 26.Bxc5 Nxc5 27.b4 Nd3 28.Nxe4
Rxe4 29.Qxd3 Raxe2 30.Bxe2 Qe8 31.Bf1 Qe5 32.Qf3 Re3 33.Qf2 Qe4 34.Rd1 Be5
35.c5 Rh3 36.Re1 Qxd5 37.Re3 Rxh2+ 38.Kg1 Rh5 39.Qf3 Qxf3 0-1

[Event "31st olm final"]
[Site "Moscow"]
[Date "1994.12.10"]
[Round "9.2"]
[White "Tisdall, Jonathan"]
[Black "Mortensen, Erling"]
[Result "1/2-1/2"]
[WhiteElo "2465"]
[BlackElo "2500"]
[EventDate "1994.12.01"]
[WhiteTeam "Norway"]
[BlackTeam "Denmark"]
[PlyCount "89"]

1.d4 Nf6 2.c4 e6 3.Nc3 Bb4 4.Qc2 c5 5.dxc5 Bxc5 6.Nf3 O-O 7.Bg5 Nc6 8.e3
Be7 9.Rd1 Qa5 10.Be2 h6 11.Bf4 d5 12.O-O dxc4 13.Bxc4 a6 14.Bb3 Qh5 15.Ne2
Bd7 16.Ng3 Qa5 17.Ne4 Nb4 18.Nxf6+ Bxf6 19.Bc7 Qh5 20.Qe4 Nd5 21.Bxd5 exd5
22.Rxd5 Bc6 23.Rxh5 Bxe4 24.Nd4 Bg5 25.f4 Bf6 26.Rc5 Rfe8 27.Kf2 Rac8 28.
Rfc1 Bd3 29.Be5 Rxc5 30.Rxc5 Be7 31.Rc3 Be4 32.Nf3 f6 33.Bd4 Bd6 34.a3 Kf7
35.Nd2 Bc6 36.Nf3 g5 37.g3 g4 38.Nd2 h5 39.Nc4 Bb8 40.Na5 Be4 41.Nc4 Bc6
42.Na5 Be4 43.Nb3 Bd6 44.Rc1 Bc6 45.Rc3 1/2-1/2

[Event "31st olm final"]
[Site "Moscow"]
[Date "1994.12.10"]
[Round "9.4"]
[White "Agdestein, Espen"]
[Black "Hansen, Sune Berg"]
[Result "1/2-1/2"]
[WhiteElo "2330"]
[BlackElo "2440"]
[EventDate "1994.12.01"]
[WhiteTeam "Norway"]
[BlackTeam "Denmark"]
[PlyCount "83"]

1.d4 Nf6 2.Nf3 g6 3.c4 Bg7 4.Nc3 d6 5.e4 O-O 6.Be2 e5 7.O-O Nc6 8.d5 Ne7
9.Ne1 Ne8 10.Nd3 f5 11.Bd2 Kh8 12.Rc1 fxe4 13.Nxe4 c6 14.dxc6 bxc6 15.Bc3
Nf5 16.Ng3 Qc7 17.Qd2 Bb7 18.Nxf5 gxf5 19.c5 d5 20.f4 e4 21.Ne5 Nf6 22.b4
Nd7 23.Nxd7 Qxd7 24.Bd4 h6 25.Rfd1 Kh7 26.a4 Rg8 27.b5 Rad8 28.Bf1 Qc7 29.
Qe3 h5 30.Rc2 h4 31.a5 cxb5 32.c6 Bxd4 33.Rxd4 Ba6 34.Rc5 Rg4 35.Rdxd5
Rxd5 36.Rxd5 Qxc6 37.Qd4 Rg7 38.Rxf5 Qd7 39.Qxe4 Kg8 40.Re5 Bb7 41.Qe3
Bxg2 42.Bxg2 1/2-1/2

[Event "31st olm final"]
[Site "Moscow"]
[Date "1994.12.11"]
[Round "10.1"]
[White "Tkachiev, Vladislav"]
[Black "Mortensen, Erling"]
[Result "1/2-1/2"]
[WhiteElo "2540"]
[BlackElo "2500"]
[EventDate "1994.12.01"]
[WhiteTeam "Kazakhstan"]
[BlackTeam "Denmark"]
[PlyCount "111"]

1.e4 c5 2.Nf3 Nc6 3.Bb5 g6 4.O-O Bg7 5.c3 Nf6 6.Re1 O-O 7.h3 e5 8.d4 exd4
9.cxd4 cxd4 10.e5 Nd5 11.Bg5 Qc7 12.Qb3 Nb6 13.Bf4 a6 14.Bf1 Na5 15.Qd1
Nd5 16.Bg3 Qb6 17.Qxd4 Qxd4 18.Nxd4 Nc6 19.Nxc6 dxc6 20.Nd2 f5 21.exf6
Bxf6 22.Be5 Bf5 23.Nb3 Rae8 24.Bxf6 Nxf6 25.Bc4+ Kh8 26.Nc5 Bc8 27.b4 b6
28.Nb3 b5 29.Bf1 Be6 30.Nc5 Bd5 31.Rxe8 Rxe8 32.a4 bxa4 33.Bxa6 Ne4 34.
Nxa4 Rb8 35.Rb1 Nd2 36.Rb2 Nb3 37.Nc3 Rxb4 38.Nxd5 cxd5 39.Bc8 Rb6 40.Bg4
Rb7 41.Bc8 Rb6 42.Bg4 Rb7 43.Rb1 Nc5 44.Rd1 Ne4 45.Rxd5 Rb1+ 46.Kh2 Nxf2
47.Rd8+ Kg7 48.Rd7+ Kh6 49.Bf3 Rb3 50.h4 Rd3 51.Rf7 Rd4 52.Be2 Ng4+ 53.Kh3
Ne5 54.Re7 Nd3 55.Bxd3 Rxd3+ 56.g3 1/2-1/2

[Event "31st olm final"]
[Site "Moscow"]
[Date "1994.12.11"]
[Round "10.2"]
[White "Hansen, Sune Berg"]
[Black "Temirbaev, Serik"]
[Result "1-0"]
[WhiteElo "2440"]
[BlackElo "2465"]
[EventDate "1994.12.01"]
[WhiteTeam "Denmark"]
[BlackTeam "Kazakhstan"]
[PlyCount "80"]

1.e4 e6 2.d3 d5 3.Nd2 Nf6 4.Ngf3 b6 5.g3 dxe4 6.dxe4 Bc5 7.Bb5+ Bd7 8.
Bxd7+ Qxd7 9.Qe2 Qc6 10.e5 Nfd7 11.O-O O-O 12.Ne4 Be7 13.Bf4 Nc5 14.Nc3 a5
15.h4 Nba6 16.a3 Rfd8 17.Rfd1 Rxd1+ 18.Rxd1 Rd8 19.Rxd8+ Bxd8 20.Nd4 Qd7
21.Be3 f6 22.exf6 Bxf6 23.Qc4 Qf7 24.b4 axb4 25.axb4 e5 26.Qxf7+ Kxf7 27.
Nc6 Nd7 28.b5 Nac5 29.Nd5 Ne6 30.Kg2 g6 31.Kf3 Bg7 32.Ke4 Ndc5+ 33.Kf3 Nd7
34.g4 Bf8 35.Bg5 e4+ 36.Kxe4 Ndc5+ 37.Ke3 Nb7 38.Ne5+ Kg7 39.Bf6+ Kg8 40.
Ne7+ Bxe7 1-0

[Event "31st olm final"]
[Site "Moscow"]
[Date "1994.12.11"]
[Round "10.3"]
[White "Kotsur, Pavel"]
[Black "Schandorff, Lars"]
[Result "0-1"]
[WhiteElo "2490"]
[BlackElo "2435"]
[EventDate "1994.12.01"]
[WhiteTeam "Kazakhstan"]
[BlackTeam "Denmark"]
[PlyCount "114"]

1.e4 c5 2.Nf3 Nc6 3.d4 cxd4 4.Nxd4 Nf6 5.Nc3 e5 6.Ndb5 d6 7.a4 a6 8.Na3
Be7 9.Bg5 Be6 10.Nc4 Nd4 11.Ne3 Qa5 12.Qd2 Rc8 13.Bd3 O-O 14.Bxf6 Bxf6 15.
Ned5 Bh4 16.b4 Qd8 17.O-O Bg5 18.Qd1 g6 19.Ra3 Bh6 20.Kh1 Kh8 21.f4 f5 22.
a5 Bg7 23.g3 Bg8 24.Nb6 Rc6 25.Ncd5 exf4 26.Nxf4 Nb5 27.Bxb5 axb5 28.exf5
Rxf5 29.Re3 Re5 30.Rfe1 Qe8 31.Qd2 Rxc2 32.Qxc2 Rxe3 33.Rxe3 Qxe3 34.Kg2
Qd4 35.Qc8 Qe4+ 36.Kh3 Qf3 37.Nbd5 Qe4 38.Qd8 Qf5+ 39.Kg2 Qe4+ 40.Kh3 Qf5+
41.Kg2 Qf8 42.Qh4 Bxd5+ 43.Nxd5 Qc8 44.Ne7 Qc2+ 45.Kh3 h5 46.Qg5 Kh7 47.
Qxb5 Qe4 48.Qd7 Qf3 49.Nxg6 Kxg6 50.Qe8+ Kh7 51.Qe1 Bf6 52.Qb1+ Kg7 53.b5
d5 54.b6 d4 55.a6 Qg4+ 56.Kg2 Qe2+ 57.Kh3 Qxa6 0-1

[Event "31st olm final"]
[Site "Moscow"]
[Date "1994.12.11"]
[Round "10.4"]
[White "Danielsen, Henrik"]
[Black "Irzhanov, Ruslan"]
[Result "0-1"]
[WhiteElo "2440"]
[BlackElo "2430"]
[EventDate "1994.12.01"]
[WhiteTeam "Denmark"]
[BlackTeam "Kazakhstan"]
[PlyCount "84"]

1.d4 Nf6 2.Nf3 g6 3.Bg5 Bg7 4.Nbd2 O-O 5.c3 d6 6.e4 Nbd7 7.Bc4 h6 8.Bh4 e5
9.dxe5 dxe5 10.O-O Qe8 11.Re1 Nh5 12.Nf1 Nb6 13.Bb3 a5 14.a4 Be6 15.N3d2
Nf4 16.Bxe6 fxe6 17.Qc2 g5 18.Bg3 h5 19.f3 Qg6 20.Ne3 g4 21.fxg4 hxg4 22.
Ndc4 Nxc4 23.Nxc4 Qg5 24.Ne3 Rf6 25.Qd1 Rg6 26.Qd7 Rd8 27.Qxc7 Rd2 28.Qxb7
Ne2+ 29.Rxe2 Rxe2 30.Nc4 Rc2 31.Qb8+ Kh7 32.Bxe5 g3 33.hxg3 Bxe5 34.Qxe5
Qxe5 35.Nxe5 Rxg3 36.Nc4 Rgxg2+ 37.Kf1 Rcf2+ 38.Ke1 Rf4 39.Rd1 Rxe4+ 40.
Kf1 Rg5 41.Rd7+ Kh6 42.Rc7 Rf5+ 0-1

[Event "31st olm final"]
[Site "Moscow"]
[Date "1994.12.12"]
[Round "11.2"]
[White "Mortensen, Erling"]
[Black "Greenfeld, Alon"]
[Result "1-0"]
[WhiteElo "2500"]
[BlackElo "2600"]
[EventDate "1994.12.01"]
[WhiteTeam "Denmark"]
[BlackTeam "Israel"]
[PlyCount "69"]

1.e4 c5 2.Nf3 d6 3.d4 cxd4 4.Nxd4 Nf6 5.Nc3 Nc6 6.Bc4 e6 7.Be3 Be7 8.Qe2
Bd7 9.O-O-O Rc8 10.Bb3 Na5 11.f3 Nxb3+ 12.Nxb3 a5 13.Qf2 Rxc3 14.bxc3 a4
15.Nd2 Qc7 16.c4 e5 17.Kb2 b5 18.Ka1 d5 19.Bb6 Qc6 20.c5 O-O 21.c3 Be6 22.
Rhe1 Nd7 23.exd5 Bxd5 24.Nb1 Nxc5 25.Bxc5 Bxc5 26.Qd2 Be6 27.Rxe5 a3 28.
Qg5 Bd6 29.Rxb5 h6 30.Rxd6 Qc4 31.Qd2 Qxb5 32.Nxa3 Qf1+ 33.Nb1 Bf5 34.Rb6
Ra8 35.Qd5 1-0

[Event "31st olm final"]
[Site "Moscow"]
[Date "1994.12.12"]
[Round "11.3"]
[White "Alterman, Boris"]
[Black "Hansen, Sune Berg"]
[Result "1/2-1/2"]
[WhiteElo "2585"]
[BlackElo "2440"]
[EventDate "1994.12.01"]
[WhiteTeam "Israel"]
[BlackTeam "Denmark"]
[PlyCount "39"]

1.c4 e6 2.Nf3 d5 3.d4 Nf6 4.Nc3 Be7 5.Bg5 h6 6.Bh4 O-O 7.e3 Ne4 8.Bxe7
Qxe7 9.Qb3 Nxc3 10.Qxc3 dxc4 11.Bxc4 b6 12.O-O Bb7 13.Be2 c5 14.dxc5 Rc8
15.b4 bxc5 16.b5 a6 17.a4 axb5 18.axb5 Nd7 19.Rfc1 Nb6 20.Nd2 1/2-1/2

[Event "31st olm final"]
[Site "Moscow"]
[Date "1994.12.13"]
[Round "12.2"]
[White "Kozul, Zdenko"]
[Black "Mortensen, Erling"]
[Result "1-0"]
[WhiteElo "2575"]
[BlackElo "2500"]
[EventDate "1994.12.01"]
[WhiteTeam "Croatia"]
[BlackTeam "Denmark"]
[PlyCount "105"]

1.d4 g6 2.c4 Bg7 3.Nc3 d6 4.Nf3 Nd7 5.e4 e5 6.Be2 Nh6 7.h4 f6 8.h5 g5 9.
dxe5 dxe5 10.Be3 c6 11.Qd2 Nf8 12.Qxd8+ Kxd8 13.O-O-O+ Ke7 14.Nd2 Ne6 15.
Nb3 Rd8 16.g4 Bf8 17.f3 Nf7 18.c5 Nf4 19.Bc4 Be6 20.Bxe6 Kxe6 21.Kc2 Rxd1
22.Rxd1 Rd8 23.Na5 Rxd1 24.Nxd1 Nd8 25.b4 Kd7 26.a4 Kc7 27.Nc4 Nde6 28.Kd2
Ng2 29.Ke2 Nxe3 30.Ndxe3 Nd4+ 31.Kf2 b6 32.cxb6+ axb6 33.b5 Bc5 34.Kg2 Ne2
35.Nd1 Bd4 36.Kf1 Nf4 37.Ke1 Nd3+ 38.Kd2 Nc5 39.Nde3 Nxa4 40.bxc6 Kxc6 41.
Nd5 Kc5 42.Kd3 h6 43.Nxf6 Kb4 44.Nd5+ Kb3 45.Nd6 Bc5 46.Nf7 Bf8 47.Nxe5
Nb2+ 48.Ke2 b5 49.Nd7 Ba3 50.e5 Nc4 51.Kd3 Na5 52.f4 gxf4 53.g5 1-0